000 00721nam a2200169 i 4500
001 149050
003 ES-MaACL
005 20230906202928.0
007 t|
008 160727s1833 xxk r ||||1| eng d
100 1 _aSalmon, Frederick.
_9160213
245 1 0 _aOration, on the necessity for an entire change in the constitution and government of the Royal College of Surgeons, delivered before the Medical Society of London... /
_cby Frederick Salmon.
260 _aLondon :
_bWhittaker, Treacher, and Arnot,
_c1833.
300 _a34 p. ;
_c22 cm.
610 2 4 _aRoyal College of Surgeons of England.
_9160214
852 _aES-MaACL
_jT-483 bis-F-4
_z-- Enc. hol., en el lomo "Folletos Cólera"
_z-- Enc. en un vol. facticio
999 _c149050
_d149050